Largest Militaries In the Americas - Statistics

General Stats
  • This quiz has been taken 28 times
  • The average score is 10 of 11
Answer Stats
Number of personnel Answer % Correct
762000 Brazil
100%
72,000 Canada
100%
428,000 Colombia
96%
341,000 Mexico
96%
1,395,000 United States
96%
114,000 Chile
92%
158,000 Peru
92%
343,000 Venezuela
92%
71,000 Bolivia
88%
103,000 Argentina
85%
71,000 Dominican Republic
73%
No matching quizzes found
Score Distribution
Percent of People with Each Score
Percentile by Number Answered
Your Score History
You have not taken this quiz